MARC

LEADER 00000nam0a2200000 4500
001 60572
005 20231031061623.0
010 |a 5982980463 
035 |a (RuTPU)RU\TPU\book\64057 
090 |a 60572 
100 |a 20040211d2003 k y0rusy50 ca 
101 0 |a rus 
102 |a RU 
105 |a y z 101zy 
200 1 |a Коммуникативные аспекты языка и культуры  |e III Всероссийская научно-практическая конференция студентов, аспирантов и молодых ученых, Томск, 15-16 мая 2003 г.  |e Сборник научных трудов  |f Томский политехнический университет; Институт языковых коммуникаций 
210 |a Томск  |c Изд-во ТПУ  |d 2003 
215 |a 249 с. 
320 |a Библиогр. в конце статей 
610 1 |a языкознание 
610 1 |a иностранные языки 
610 1 |a обучение 
610 1 |a преподавание 
610 1 |a культура 
610 1 |a межкультурные коммуникации 
610 1 |a этнолингвистика 
610 1 |a этимология 
610 1 |a когнитивная лингвистика 
610 1 |a лексикология 
610 1 |a фразеология 
610 1 |a переводы 
610 1 |a художественные переводы 
610 1 |a методология 
610 1 |a литературоведение 
610 1 |a художественная литература 
610 1 |a конференции 
610 1 |a Томск 
686 |a Ш12-9л0  |v LBC/SL-A  |2 rubbk 
686 |a Ч114л0  |v LBC/SL-A  |2 rubbk 
712 1 2 |a Коммуникативные аспекты языка и культуры  |b всероссийская научно-практическая конференция студентов, аспирантов и молодых ученых  |c сборник научных трудов  |d 3  |e Томск  |f 2003 
712 0 2 |a Томский политехнический университет (ТПУ)  |b Институт языковой коммуникации (ИЯК)  |2 stltpush  |3 (RuTPU)RU\TPU\col\3881 
801 1 |a RU  |b 63413507  |c 20040211  |g PSBO 
801 2 |a RU  |b 63413507  |c 20140320  |g PSBO 
942 |c BK